[Event "Czech Open A 2013"]
[Site "Pardubice CZE"]
[Date "2013.07.24"]
[Round "6.1"]
[White "Laznicka,V"]
[Black "Michalik,P"]
[Result "1/2-1/2"]
[WhiteElo "2684"]
[BlackElo "2579"]
[EventDate "2013.07.19"]

1. d4 d5 2. c4 c6 3. Nf3 Nf6 4. Qc2 dxc4 5. Qxc4 Bf5 6. g3 e6 7. Bg2 Be7 8. O-O
O-O 9. e3 Nbd7 10. Rd1 Ne4 11. Nc3 Rc8 12. Ne1 Ndf6 13. f3 Nxc3 14. bxc3 e5 15.
e4 Be6 16. Qa4 Nd7 17. f4 b5 18. Qc2 exf4 19. Bxf4 Nb6 20. Nd3 Nc4 21. a4 a5 22.
axb5 cxb5 23. Qe2 b4 24. d5 Bd7 25. cxb4 axb4 26. Qf2 1/2-1/2

[Event "Czech Open A 2013"]
[Site "Pardubice CZE"]
[Date "2013.07.24"]
[Round "6.2"]
[White "Shyam,SM"]
[Black "Nisipeanu,LD"]
[Result "0-1"]
[WhiteElo "2505"]
[BlackElo "2670"]
[EventDate "2013.07.19"]

1. d4 Nf6 2. Nf3 e6 3. c4 Bb4+ 4. Nbd2 O-O 5. a3 Be7 6. e4 d6 7. Qc2 Nbd7 8. b3
e5 9. Bb2 Re8 10. dxe5 dxe5 11. b4 c5 12. b5 Bd6 13. O-O-O a6 14. Nb1 Qe7 15.
Nc3 axb5 16. Nxb5 Bb8 17. Nd2 Nf8 18. Nb3 Ne6 19. Be2 Nd4 20. N3xd4 cxd4 21. f4
Bd7 22. fxe5 Bxe5 23. Nxd4 Ba4 0-1

[Event "Czech Open A 2013"]
[Site "Pardubice CZE"]
[Date "2013.07.24"]
[Round "6.3"]
[White "Kononenko,Dmitry1"]
[Black "Dourerassou,J"]
[Result "1/2-1/2"]
[WhiteElo "2610"]
[BlackElo "2476"]
[EventDate "2013.07.19"]

1. e4 c5 2. Nf3 Nc6 3. d4 cxd4 4. Nxd4 Nf6 5. Nc3 e5 6. Ndb5 d6 7. Bg5 a6 8. Na3
b5 9. Bxf6 gxf6 10. Nd5 Bg7 11. Bd3 Ne7 12. Nxe7 Qxe7 13. O-O O-O 14. c4 f5 15.
Qf3 d5 16. cxd5 fxe4 17. Bxe4 Rb8 18. Rfd1 Qd7 19. d6 Rb6 20. Qd3 Rd8 21. Rac1
Bf8 22. Qg3+ Bg7 23. Qh4 Rxd6 24. Bxh7+ Kf8 25. Qb4 Bb7 26. Nc2 Qe7 27. Rxd6
Rxd6 28. h4 e4 29. Re1 Re6 30. Qxe7+ Rxe7 31. b3 Re5 32. Ne3 Rh5 33. Bf5 Bd4 34.
Bh3 Bxe3 35. fxe3 Rxh4 36. Rc1 Rh6 37. Rc7 Rb6 38. Kf2 a5 39. Bf5 a4 40. b4 a3
41. Rc5 Ke7 42. Rc3 Kf6 43. g4 Rc6 44. Rxa3 Rc2+ 45. Ke1 1/2-1/2

[Event "Czech Open A 2013"]
[Site "Pardubice CZE"]
[Date "2013.07.24"]
[Round "6.4"]
[White "Debashis,D"]
[Black "Schlosser,P"]
[Result "1/2-1/2"]
[WhiteElo "2478"]
[BlackElo "2602"]
[EventDate "2013.07.19"]

1. d4 Nf6 2. c4 e6 3. Nc3 Bb4 4. e3 O-O 5. Nf3 d5 6. Bd3 c5 7. O-O dxc4 8. Bxc4
cxd4 9. exd4 a6 10. a3 Bxc3 11. bxc3 Qc7 12. Qe2 b5 13. Bd3 Qxc3 14. Bd2 Qc7 15.
Rfc1 Qd8 16. a4 Bb7 17. axb5 axb5 18. Rxa8 Bxa8 19. Bb4 Re8 20. Bxb5 Bxf3 21.
Qxf3 1/2-1/2

[Event "Czech Open A 2013"]
[Site "Pardubice CZE"]
[Date "2013.07.24"]
[Round "6.5"]
[White "Simantsev,M"]
[Black "Teske,H"]
[Result "1/2-1/2"]
[WhiteElo "2473"]
[BlackElo "2517"]
[EventDate "2013.07.19"]

1. d4 Nf6 2. c4 e6 3. Nc3 Bb4 4. f3 d5 5. a3 Bxc3+ 6. bxc3 O-O 7. cxd5 exd5 8.
e3 c5 9. Bd3 b6 10. Ne2 Ba6 11. O-O Re8 12. Ng3 Bxd3 13. Qxd3 Nc6 14. Bb2 Na5
15. Rae1 Nc4 16. Bc1 cxd4 17. cxd4 b5 18. e4 Qb6 19. Kh1 Nd7 1/2-1/2

[Event "Czech Open A 2013"]
[Site "Pardubice CZE"]
[Date "2013.07.24"]
[Round "6.6"]
[White "Stukopin,A"]
[Black "Narayanan,Sri"]
[Result "1-0"]
[WhiteElo "2517"]
[BlackElo "2475"]
[EventDate "2013.07.19"]

1. e4 c5 2. Nf3 d6 3. d4 Nf6 4. Nc3 cxd4 5. Nxd4 a6 6. Be3 e5 7. Nb3 Be6 8. h3
Be7 9. f4 exf4 10. Bxf4 Nc6 11. Qe2 Nd7 12. O-O-O Nde5 13. Kb1 O-O 14. g4 b5 15.
Nd5 b4 16. Qg2 a5 17. Bb5 Na7 18. Ba4 Nc4 19. g5 Bxd5 20. exd5 Nb6 21. Bc6 Nxc6
22. dxc6 a4 23. Nc5 Qc8 24. Bxd6 Bxd6 25. Rxd6 a3 26. b3 Ra5 27. Nd3 Nd5 28.
Rxd5 Qxc6 29. Nxb4 Qc3 30. Nd3 Qc6 31. c4 1-0

[Event "Czech Open A 2013"]
[Site "Pardubice CZE"]
[Date "2013.07.24"]
[Round "6.7"]
[White "Chernyshov,K"]
[Black "Fernando,D"]
[Result "1-0"]
[WhiteElo "2514"]
[BlackElo "2465"]
[EventDate "2013.07.19"]

1. d4 Nf6 2. c4 e6 3. Nf3 b6 4. g3 Ba6 5. Qc2 Bb4+ 6. Bd2 Be7 7. Bg2 c6 8. Bf4
O-O 9. O-O d5 10. Nbd2 Nbd7 11. Rac1 c5 12. dxc5 bxc5 13. Rfe1 Bb7 14. Ne5 Nh5
15. Nxd7 Qxd7 16. cxd5 Nxf4 17. gxf4 exd5 18. Nf3 Qg4 19. e3 d4 20. h3 Qh5 21.
exd4 Bf6 22. Ne5 Bxg2 23. Kxg2 cxd4 24. Qd1 Qxd1 25. Rexd1 Rad8 26. Nd3 Rd7 27.
Rc6 Re8 28. Rd2 h6 29. Rdc2 Kh7 30. b4 Rb8 31. a4 Rb6 32. Rc7 Rb7 33. Rxd7 Rxd7
34. Rc6 Rb7 35. Kf3 Kg6 36. b5 Kh5 37. Nc5 Rb6 38. Nd7 Rxc6 39. bxc6 Bd8 40. Nc5
Kh4 41. Na6 d3 42. c7 Bxc7 43. Nxc7 Kxh3 44. Ne8 g6 45. Nd6 f6 46. f5 g5 47. Ne4 1-0

[Event "Czech Open A 2013"]
[Site "Pardubice CZE"]
[Date "2013.07.24"]
[Round "6.8"]
[White "Yagupov,I"]
[Black "Neverov,V"]
[Result "1-0"]
[WhiteElo "2389"]
[BlackElo "2492"]
[EventDate "2013.07.19"]

1. e4 c5 2. Nf3 e6 3. d4 cxd4 4. Nxd4 a6 5. Nc3 b5 6. Bd3 Bb7 7. Qe2 Nc6 8. Nxc6
Bxc6 9. a3 Bc5 10. Be3 Qb6 11. Nd5 exd5 12. exd5 Bxe3 13. dxc6 dxc6 14. Qxe3+
Qxe3+ 15. fxe3 Nf6 16. a4 Ke7 17. Kd2 Rhd8 18. Ke2 Nd7 19. Be4 Ne5 20. b3 g6 21.
g3 Kd6 22. b4 Re8 23. Rhd1+ Kc7 24. Rd4 Nc4 25. g4 f5 26. gxf5 gxf5 27. Bd3 Nxe3
28. Kd2 bxa4 29. Rxa4 c5 30. bxc5 a5 31. Bb5 Re7 32. h3 f4 33. Rxf4 Nd5 34. Rfd4
Re5 35. Re4 Rxe4 36. Rxe4 Rd8 37. Kc1 Rb8 38. c4 h5 39. Kb2 Nb4 40. Re7+ Kd8 41.
Rd7+ Kc8 42. Rh7 Nd3+ 43. Ka3 Nxc5 44. Rxh5 Ne4 45. Ka4 Kc7 46. Rh4 Nc5+ 47.
Kxa5 Ra8+ 48. Kb4 Nd3+ 49. Kc3 Nf2 50. Rh7+ Kb6 51. Rh6+ Ka5 52. h4 Ne4+ 53. Kd3
Nc5+ 54. Ke3 Kb4 55. h5 Ra1 56. Rg6 Rh1 57. h6 Rh4 58. Kf3 Kc3 59. Kg3 Rh5 60.
Kg4 Rh2 61. Kg3 Rh5 62. Bc6 Re5 63. Bd5 Nd3 64. Kg4 Re2 65. Rg5 Kd4 66. h7 Rh2
67. Rh5 1-0

[Event "Czech Open A 2013"]
[Site "Pardubice CZE"]
[Date "2013.07.24"]
[Round "6.9"]
[White "Idani,P"]
[Black "Vorobiov,E"]
[Result "1/2-1/2"]
[WhiteElo "2476"]
[BlackElo "2585"]
[EventDate "2013.07.19"]

1. e4 c5 2. Nf3 e6 3. d4 cxd4 4. Nxd4 a6 5. Bd3 Bc5 6. Nb3 Be7 7. Qg4 g6 8. Qe2
d6 9. O-O Nd7 10. Na3 Ne5 11. Nc4 Nxc4 12. Bxc4 Qc7 13. a4 Nf6 14. Bh6 Ng4 15.
Qxg4 Qxc4 16. Qf3 Bd7 17. Rfd1 Rg8 18. Na5 Qc7 19. Bd2 b6 20. Nb3 Bc6 21. Qe3 e5
22. c4 a5 23. Bc3 f5 24. Nd2 f4 25. Qd3 g5 26. c5 bxc5 27. Nc4 Rg6 28. Qh3 Bf8
29. Bxa5 Qb7 30. b4 cxb4 31. Rab1 Bxe4 32. Rxb4 Qc6 33. Qxh7 Rh6 34. Qg8 Rg6 35.
Qh7 Rh6 36. Qg8 Rg6 1/2-1/2

[Event "Czech Open A 2013"]
[Site "Pardubice CZE"]
[Date "2013.07.24"]
[Round "6.10"]
[White "Babula,V"]
[Black "Potapov,P"]
[Result "1-0"]
[WhiteElo "2583"]
[BlackElo "2460"]
[EventDate "2013.07.19"]

1. d4 d5 2. Nf3 Nf6 3. c4 g6 4. cxd5 Nxd5 5. e4 Nb6 6. Nc3 Bg7 7. h3 O-O 8. Be2
Be6 9. O-O c6 10. Bf4 f6 11. Qc2 a5 12. Rad1 N8d7 13. d5 cxd5 14. exd5 Bf7 15.
Nd4 Ne5 16. Ne6 Bxe6 17. dxe6 Qc8 18. Qb3 Qc6 19. Be3 Nbc4 20. Nd5 Rfe8 21. f4
a4 22. Qb4 Qxd5 23. Rxd5 Nxe3 24. Rdd1 Nxf1 25. Bxf1 Nc6 26. Qxb7 Na5 27. Qb4 f5
28. Bb5 1-0

[Event "Czech Open A 2013"]
[Site "Pardubice CZE"]
[Date "2013.07.24"]
[Round "6.11"]
[White "Toth,E"]
[Black "Lalith,B"]
[Result "0-1"]
[WhiteElo "2471"]
[BlackElo "2571"]
[EventDate "2013.07.19"]

1. d4 Nf6 2. c4 e6 3. Nc3 Bb4 4. f3 c5 5. d5 b5 6. e4 O-O 7. e5 Ne8 8. f4 d6 9.
Nf3 exd5 10. Qxd5 Qc7 11. Ng5 dxe5 12. fxe5 h6 13. Qe4 hxg5 14. Bd3 f5 15. Qd5+
Kh8 16. h4 g4 17. cxb5 Bb7 18. Qe6 Qd7 19. Qxd7 Nxd7 20. Bf4 Bxg2 21. Rg1 Bxc3+
22. bxc3 Bd5 23. c4 Be6 24. Ke2 Nc7 25. a4 Bg8 26. a5 Ne6 27. Ke3 Rae8 28. b6
Nxf4 29. Kxf4 Nxe5 30. Rgd1 axb6 31. axb6 Nxd3+ 32. Rxd3 Bxc4 33. Rd7 Re4+ 34.
Kg5 Bb5 35. Rd5 g3 36. Rxf5 Rxf5+ 37. Kxf5 Re8 38. b7 Bc6 0-1

[Event "Czech Open A 2013"]
[Site "Pardubice CZE"]
[Date "2013.07.24"]
[Round "6.12"]
[White "Kovalev,An"]
[Black "Oleksienko,M"]
[Result "0-1"]
[WhiteElo "2470"]
[BlackElo "2568"]
[EventDate "2013.07.19"]

1. e4 e5 2. Nf3 Nc6 3. Bb5 f5 4. d3 fxe4 5. dxe4 Nf6 6. Qd3 Bb4+ 7. c3 Bc5 8.
O-O d6 9. Nbd2 a6 10. Ba4 Qe7 11. b4 Ba7 12. Bb3 Be6 13. Nc4 d5 14. exd5 e4 15.
Qe2 Bxd5 16. Nh4 O-O 17. Nf5 Qf7 18. Be3 b5 19. Nd2 Bxb3 20. Nxb3 Nd5 21. Bxa7
Qxf5 22. Be3 Ne5 23. Nd4 Qg6 24. Qc2 Ng4 25. Qb3 Qd6 26. g3 Kh8 27. Nc2 Qe5 28.
Rae1 Qh5 29. h4 Ne5 30. Nd4 c6 31. Bg5 Qg4 32. Qc2 Nd3 33. Qe2 Qd7 34. Qxe4 Nxe1
35. Qxe1 Rae8 36. Qc1 Nxb4 37. cxb4 Qxd4 38. Qxc6 Re1 39. Bf4 Rxf1+ 40. Kxf1
Qa1+ 41. Kg2 Qxa2 42. Be3 Rd8 43. Kh2 h6 44. Qb6 Qd5 45. Qa7 Qe4 0-1

[Event "Czech Open A 2013"]
[Site "Pardubice CZE"]
[Date "2013.07.24"]
[Round "6.13"]
[White "Gonda,L"]
[Black "Richter,Mic"]
[Result "1/2-1/2"]
[WhiteElo "2538"]
[BlackElo "2470"]
[EventDate "2013.07.19"]

1. c4 e6 2. g3 d5 3. Bg2 d4 4. b4 c5 5. Qa4+ Bd7 6. b5 Qc7 7. f4 Be7 8. Nf3 Nh6
9. O-O O-O 10. Bb2 Rd8 11. Na3 Be8 12. Qb3 Nd7 13. Nc2 f6 14. e4 e5 15. f5 a6
16. a4 axb5 17. axb5 Nb6 18. d3 Rxa1 19. Rxa1 Ra8 20. Rxa8 Nxa8 21. Qa2 Nb6 22.
Na1 Qb8 23. Nb3 Qa8 24. Qa5 Qxa5 25. Nxa5 Na4 26. Bc1 b6 27. Nb3 Nf7 28. Nfd2
Nd6 29. Bf3 g6 30. g4 Bf8 31. Nb1 Nf7 32. Kf2 Bh6 33. Bxh6 Nxh6 34. Ke2 Nf7 35.
Kd2 g5 36. Bd1 Nd6 37. Na1 Nc3 38. Nxc3 dxc3+ 39. Kxc3 Kf8 40. Nc2 1/2-1/2

[Event "Czech Open A 2013"]
[Site "Pardubice CZE"]
[Date "2013.07.24"]
[Round "6.14"]
[White "Sochacki,C"]
[Black "Mirzoev,A"]
[Result "0-1"]
[WhiteElo "2459"]
[BlackElo "2536"]
[EventDate "2013.07.19"]

1. e4 e6 2. d4 d5 3. Nc3 Bb4 4. exd5 exd5 5. Bd3 Ne7 6. Qh5 Nd7 7. Bg5 c5 8. Ne2
c4 9. Bf5 g6 10. Bxd7+ Qxd7 11. Qh4 Nf5 12. Qf4 O-O 13. Qf3 b5 14. O-O Bb7 15.
h3 f6 16. Bd2 Be7 17. Rfe1 b4 18. Nd1 a5 19. c3 Rae8 20. Nf4 Bd6 21. Qg4 Rxe1+
22. Bxe1 Qe8 23. Bd2 Qe4 24. Rc1 Re8 25. f3 Qe7 26. Nf2 Qf7 27. Re1 Rxe1+ 28.
Bxe1 Ne3 29. Qg3 g5 30. Ng4 Nxg4 0-1

[Event "Czech Open A 2013"]
[Site "Pardubice CZE"]
[Date "2013.07.24"]
[Round "6.15"]
[White "Jaracz,P"]
[Black "Jansa,Vl"]
[Result "1-0"]
[WhiteElo "2531"]
[BlackElo "2442"]
[EventDate "2013.07.19"]

1. Nf3 c5 2. e4 e6 3. g3 b6 4. Bg2 Bb7 5. d3 d6 6. O-O Nf6 7. Ng5 h6 8. Nh3 Nc6
9. f4 Qc7 10. c3 Be7 11. Na3 Rd8 12. Nc2 h5 13. Nf2 g6 14. a3 d5 15. e5 Nd7 16.
d4 Rc8 17. Ne3 Na5 18. b4 cxd4 19. cxd4 Nc4 20. Nxc4 dxc4 21. Ne4 O-O 22. Nc3
Rfd8 23. Qe2 Bxg2 24. Qxg2 Nb8 25. Be3 Qc6 26. Rf3 Qb7 27. g4 hxg4 28. Qxg4 Bf8
29. f5 exf5 30. Rxf5 Bg7 31. Rf2 Qd7 32. Qe4 Nc6 33. Raf1 Rf8 34. h4 Rcd8 35. h5
Nxd4 36. hxg6 fxg6 37. Rxf8+ Bxf8 38. Rd1 Ne2+ 39. Kg2 Qe6 40. Rxd8 Nxc3 41. Qf3
Qe7 42. Rb8 1-0

[Event "Czech Open A 2013"]
[Site "Pardubice CZE"]
[Date "2013.07.24"]
[Round "6.17"]
[White "Smith,Bry"]
[Black "Rozum,I"]
[Result "1/2-1/2"]
[WhiteElo "2456"]
[BlackElo "2527"]
[EventDate "2013.07.19"]

1. e4 c6 2. Nc3 d5 3. Qe2 dxe4 4. Nxe4 Bf5 5. d3 e6 6. g4 Bxe4 7. dxe4 Nd7 8.
Nf3 Bc5 9. Bg2 Ne7 10. Bf4 Ng6 11. Bg3 Qe7 12. e5 O-O-O 13. O-O f6 14. exf6 Nxf6
15. Ng5 e5 16. Ne4 Nf4 17. Bxf4 exf4 18. Rad1 Rxd1 19. Rxd1 Re8 20. Re1 Nxe4 21.
Bxe4 Kc7 22. Kg2 Qg5 23. Qf3 h5 24. h3 hxg4 25. hxg4 Re6 26. b3 a5 27. a4 Kb6
28. Rh1 Qe5 29. Bd3 Qd4 30. Bf5 Rd6 31. Bd3 Rd5 32. Rh5 g5 33. Rh1 Rd6 34. Bf5
Qd2 35. Bd3 Qc3 36. Rh5 Qe5 37. Rh1 Rd8 38. Rh7 Re8 39. Bg6 Rd8 40. Bd3 Re8 41.
Bg6 Re7 42. Rxe7 Qxe7 43. Be4 Qd7 44. Qe2 Qd4 45. Bd3 Ka7 46. Bc4 Kb6 1/2-1/2

[Event "Czech Open A 2013"]
[Site "Pardubice CZE"]
[Date "2013.07.24"]
[Round "6.18"]
[White "Petr,Ma"]
[Black "Kuipers,S"]
[Result "1-0"]
[WhiteElo "2523"]
[BlackElo "2432"]
[EventDate "2013.07.19"]

1. e4 c5 2. Nf3 Nc6 3. Bb5 d6 4. O-O Bd7 5. Re1 Nf6 6. c3 a6 7. Bf1 Bg4 8. h3
Bh5 9. g4 Bg6 10. d4 Bxe4 11. Rxe4 Nxe4 12. d5 Nf6 13. dxc6 bxc6 14. c4 g6 15.
Nc3 Bg7 16. Be3 O-O 17. Qd2 Re8 18. Bh6 Bh8 19. Ng5 d5 20. Rd1 e6 21. Na4 Nd7
22. Nf3 Qe7 23. b3 d4 24. Re1 Bg7 25. Bxg7 Kxg7 26. Ne5 Nxe5 27. Rxe5 Qd6 28.
Re1 a5 29. Bd3 Ra7 30. Kg2 e5 31. h4 Qf8 32. g5 Kh8 33. f3 Re6 34. Qf2 f5 35.
gxf6 Rf7 36. Qg3 Qd6 37. Nb2 Rfxf6 38. Be4 Rf8 39. Qg5 Kg7 40. Kf2 h6 41. Qg3
Qe7 42. Rg1 Rff6 43. Ke2 Qd6 44. Qe1 Qd8 45. Nd3 Qb6 46. Qc1 a4 47. Qa3 axb3 48.
axb3 Re8 49. Ra1 Rf7 50. Nxc5 Qd8 51. Rg1 Rf6 52. Nd3 Rfe6 53. Rh1 R8e7 54. b4
Qb8 55. Ra1 Rf7 56. Qa8 Qc7 57. Ra6 Qe7 58. Rxc6 Rxc6 59. Qxc6 Qxh4 60. Qxg6+
Kf8 61. Bd5 Rg7 62. Qf5+ Ke8 63. Qc8+ Ke7 64. Qc7+ Kf8 65. Qb8+ Ke7 66. Qxe5+
Kf8 67. Qb8+ Ke7 68. Nf4 Qh2+ 69. Kd3 Qg1 70. Qc7+ 1-0

[Event "Czech Open A 2013"]
[Site "Pardubice CZE"]
[Date "2013.07.24"]
[Round "6.19"]
[White "Semcesen,D"]
[Black "Haba,P"]
[Result "1-0"]
[WhiteElo "2447"]
[BlackElo "2522"]
[EventDate "2013.07.19"]

1. d4 d5 2. c4 c6 3. Nf3 Nf6 4. Nc3 dxc4 5. a4 Bf5 6. e3 e6 7. Bxc4 Bb4 8. O-O
Nbd7 9. Nh4 O-O 10. h3 Bg6 11. Nxg6 hxg6 12. Qe2 a5 13. Rd1 Qe7 14. e4 e5 15. d5
Rfd8 16. Bg5 Nf8 17. Rd3 N8h7 18. Bd2 Ne8 19. Ba2 c5 20. Be3 Bxc3 21. bxc3 Rac8
22. Rd2 Nd6 23. Bb1 Nf8 24. Rb2 f6 25. Bd3 g5 26. g3 Qd7 27. Kg2 Kf7 28. Qf3 Ke7
29. Bb5 Qc7 30. Rh1 Ng6 31. Qg4 Kf7 32. Bxg5 fxg5 33. Qe6+ Kf8 34. Qxg6 Qf7 35.
Qxg5 Nxe4 36. Qxe5 Qxd5 37. Qxd5 Rxd5 38. Bc4 Rdd8 39. Re1 Nd6 40. Bd5 Re8 41.
Reb1 Rcd8 42. h4 Re5 43. Bxb7 Nc4 44. Ra2 Rb8 45. Be4 Rxb1 46. Bxb1 Re1 47. Bd3
Nb6 48. h5 Ke7 49. Bb5 Nd5 50. Rc2 Nf6 51. Rd2 Re5 52. Be2 Rd5 53. Rb2 Nxh5 54.
Rb7+ Kf8 55. Bxh5 Rxh5 56. Ra7 1-0

[Event "Czech Open A 2013"]
[Site "Pardubice CZE"]
[Date "2013.07.24"]
[Round "6.20"]
[White "Sipila,V"]
[Black "Stefansson,H"]
[Result "0-1"]
[WhiteElo "2423"]
[BlackElo "2522"]
[EventDate "2013.07.19"]

1. Nf3 Nf6 2. c4 b6 3. g3 Bb7 4. Bg2 g6 5. O-O Bg7 6. Nc3 O-O 7. d4 Ne4 8. Qd3
Nxc3 9. bxc3 d6 10. e4 e5 11. Bg5 Qe8 12. Nd2 Nd7 13. Rae1 h6 14. Be3 Nf6 15. h3
Nh5 16. Bf3 f5 17. Bxh5 fxe4 18. Nxe4 gxh5 19. f4 exf4 20. Bxf4 Qg6 21. Nc5 Qxd3
22. Nxd3 Rae8 23. Bd2 Ba6 24. Nb2 Rxf1+ 25. Kxf1 Rxe1+ 26. Kxe1 h4 27. Kf2 hxg3+
28. Kxg3 Kf7 29. Kf4 Kg6 30. Kf3 Kf5 31. Nd1 Bb7+ 32. Ke2 Be4 33. Ne3+ Ke6 34.
Ng4 h5 35. Nh2 Bb1 36. a3 d5 37. Bf4 c5 38. Nf3 dxc4 39. Bb8 a6 40. Ba7 Bd3+ 41.
Kf2 cxd4 42. Nxd4+ Kd5 43. Bxb6 Be5 44. Bd8 Bf4 45. Bf6 Bg6 46. Be7 Bd2 47. Bb4
Bg5 48. Kf3 Bd8 49. Ne2 Ke5 50. Bc5 Be4+ 51. Kg3 Bf5 52. Nf4 h4+ 53. Kf3 Bd7 54.
Ng6+ Kf5 55. Ne7+ Kg5 56. Be3+ Kf6 57. Nd5+ Ke5 58. Nf4 Kf5 59. Nh5 Bc7 60. Bc1
Be5 61. Bh6 Kg6 62. Bf4 Bxc3 63. Be3 Kxh5 64. Bf2 Bd2 65. Kg2 c3 66. Kh1 c2 67.
Bg1 Bc6+ 68. Kh2 Bf4# 0-1

[Event "Czech Open A 2013"]
[Site "Pardubice CZE"]
[Date "2013.07.24"]
[Round "6.21"]
[White "Mozharov,M"]
[Black "Rojicek,V"]
[Result "1-0"]
[WhiteElo "2495"]
[BlackElo "2413"]
[EventDate "2013.07.19"]

1. d4 Nf6 2. c4 g6 3. Nc3 Bg7 4. e4 d6 5. f4 O-O 6. Nf3 c5 7. d5 b5 8. cxb5 a6
9. a4 Nbd7 10. Be2 axb5 11. Bxb5 Ba6 12. Bd2 Bxb5 13. axb5 Rxa1 14. Qxa1 Nb6 15.
O-O Qd7 16. Qa2 Ra8 17. Qb3 Ra5 18. e5 Ne8 19. e6 fxe6 20. dxe6 Qa7 21. Qc2 Ra1
22. Bc1 Na4 23. Nd5 Nf6 24. Nxf6+ Bxf6 25. h4 c4+ 26. Kh2 Qc5 27. Be3 Qxe3 28.
Rxa1 Nxb2 29. Qd2 Qxe6 30. b6 c3 31. Qe1 Qb3 32. Ng5 c2 33. Qe6+ Qxe6 34. Nxe6
Nc4 35. b7 Bxa1 36. b8=Q+ Kf7 37. Qf8+ Kxe6 38. Qg8+ 1-0

[Event "Czech Open A 2013"]
[Site "Pardubice CZE"]
[Date "2013.07.24"]
[Round "6.22"]
[White "Plischki,S"]
[Black "Lalic,B"]
[Result "1/2-1/2"]
[WhiteElo "2413"]
[BlackElo "2489"]
[EventDate "2013.07.19"]

1. d4 Nf6 2. c4 e6 3. Nc3 Bb4 4. e3 c5 5. Ne2 cxd4 6. exd4 O-O 7. a3 Be7 8. Nf4
d6 9. Be3 e5 10. Nfd5 Nxd5 11. Nxd5 Nc6 12. Nxe7+ Qxe7 13. d5 Nd4 14. Bd3 Nf5
15. Bxf5 Bxf5 1/2-1/2

[Event "Czech Open A 2013"]
[Site "Pardubice CZE"]
[Date "2013.07.24"]
[Round "6.23"]
[White "Griffiths,R"]
[Black "Galego,L"]
[Result "1/2-1/2"]
[WhiteElo "2372"]
[BlackElo "2488"]
[EventDate "2013.07.19"]

1. d4 d6 2. c4 e5 3. d5 f5 4. e4 Nf6 5. exf5 Bxf5 6. Nc3 Be7 7. Nge2 O-O 8. Ng3
Bg6 9. Bd3 Bxd3 10. Qxd3 Nbd7 11. Nce4 c6 12. O-O cxd5 13. cxd5 1/2-1/2

[Event "Czech Open A 2013"]
[Site "Pardubice CZE"]
[Date "2013.07.24"]
[Round "6.24"]
[White "Gutman,G"]
[Black "Ponizil,C"]
[Result "1/2-1/2"]
[WhiteElo "2477"]
[BlackElo "2402"]
[EventDate "2013.07.19"]

1. d4 Nf6 2. Nf3 b5 3. Bg5 Bb7 4. e3 a6 5. Nbd2 e6 6. Bd3 d5 7. c3 c5 8. O-O
Nbd7 9. Ne5 Be7 10. f4 Rc8 11. f5 cxd4 12. Nxd7 Qxd7 13. fxe6 fxe6 14. exd4 O-O
15. Qe2 Rce8 16. Nf3 Bd6 17. Ne5 Qc7 18. Bf4 Ne4 19. Rf3 Rf5 20. Raf1 Ref8 21.
a3 Bc6 22. Bg3 Nxg3 23. hxg3 Rxf3 24. Rxf3 Rxf3 25. gxf3 Be8 26. f4 Qe7 27. Qh2
h6 28. Bb1 Kf8 29. Ng4 Bf7 30. Qc2 Bh5 31. Ne5 Bxe5 32. dxe5 Qf7 33. Kg2 g5 34.
f5 exf5 35. Qxf5 Qxf5 36. Bxf5 Ke7 37. Kf2 Bf7 38. Bc8 a5 39. Ke3 Be6 40. Ba6 b4
41. axb4 axb4 42. cxb4 h5 43. Kd4 h4 44. gxh4 gxh4 45. Bf1 h3 46. Bxh3 Bxh3 47.
Kxd5 Kd7 48. b5 Be6+ 49. Kc5 Kc7 50. b6+ Kb7 1/2-1/2

[Event "Czech Open A 2013"]
[Site "Pardubice CZE"]
[Date "2013.07.24"]
[Round "6.25"]
[White "Stocek,J"]
[Black "Pagerka,M"]
[Result "0-1"]
[WhiteElo "2576"]
[BlackElo "2213"]
[EventDate "2013.07.19"]

1. Nf3 Nf6 2. c4 g6 3. Nc3 Bg7 4. d4 O-O 5. e4 d6 6. Be3 e5 7. d5 Ng4 8. Bg5 f6
9. Bh4 Nh6 10. Nd2 Nf7 11. Bd3 c6 12. a3 Nd7 13. b4 Bh6 14. O-O Bf4 15. Nb3 c5
16. Qe2 g5 17. Bg3 b6 18. f3 Bxg3 19. hxg3 Kg7 20. bxc5 Nxc5 21. Nxc5 dxc5 22.
Bc2 Nd6 23. Ba4 Ba6 24. Bb3 Bc8 25. Rac1 Qe7 26. Ba4 Ba6 27. Nd1 Rab8 28. Ne3
Bc8 29. Bc6 h5 30. a4 Rh8 31. a5 bxa5 32. Ra1 Qc7 33. Qa2 a6 34. Qxa5 Qxa5 35.
Rxa5 Rb3 36. Re1 Rxe3 37. Rxe3 Nxc4 38. Rea3 Nxa3 39. Rxa3 Kf7 40. Rc3 Ke7 41.
Rxc5 Kd6 42. Rc1 Rh7 43. Kf2 Ra7 44. Ke3 a5 45. Kd3 f5 46. Bb5 Rc7 47. Ra1 Ra7
48. Kc4 g4 49. Be8 fxe4 50. fxe4 Ba6+ 51. Kc3 Bc8 52. Rf1 Rc7+ 53. Kb3 Rb7+ 54.
Ka3 Rb4 55. Bg6 Bd7 56. Rf6+ Kc5 57. Ra6 Ra4+ 58. Kb3 Rb4+ 59. Kc3 Rc4+ 60. Kd2
Rd4+ 61. Ke3 Kb4 62. Bf5 Bb5 63. Rb6 Kc5 64. Rb8 a4 65. Ra8 Rd3+ 66. Kf2 a3 67.
Be6 Bc4 68. Ra4 a2 0-1

[Event "Czech Open A 2013"]
[Site "Pardubice CZE"]
[Date "2013.07.24"]
[Round "6.26"]
[White "Nabaty,T"]
[Black "Pasiev,R"]
[Result "1-0"]
[WhiteElo "2586"]
[BlackElo "2384"]
[EventDate "2013.07.19"]

1. d4 e6 2. c4 f5 3. Nf3 Nf6 4. Bf4 Bb4+ 5. Nbd2 O-O 6. e3 d6 7. Be2 Qe8 8. O-O
Bxd2 9. Qxd2 b6 10. b4 Bb7 11. Qb2 Nh5 12. h3 Nxf4 13. exf4 Nd7 14. Rfe1 Qg6 15.
Rac1 Be4 16. g3 Rfe8 17. Nd2 Nf6 18. Kh2 Bb7 19. c5 Bd5 20. cxd6 cxd6 21. Rc7
Rec8 22. Rec1 Qe8 23. b5 Qd8 24. R7c2 Kf7 25. Bc4 Ke7 26. Qa3 Qd7 27. Bxd5 Nxd5
28. Nc4 Nf6 29. Ne5 Qb7 30. Rxc8 1-0

[Event "Czech Open A 2013"]
[Site "Pardubice CZE"]
[Date "2013.07.24"]
[Round "6.27"]
[White "Arngrimsson,D"]
[Black "Piorun,K"]
[Result "1/2-1/2"]
[WhiteElo "2384"]
[BlackElo "2566"]
[EventDate "2013.07.19"]

1. d4 Nf6 2. c4 g6 3. Nc3 d5 4. Nf3 Bg7 5. e3 O-O 6. cxd5 Nxd5 7. Bc4 Nxc3 8.
bxc3 c5 9. O-O Nc6 10. Bb2 Qc7 11. Qe2 Bg4 12. Rfd1 Rad8 13. h3 Bxf3 14. Qxf3
cxd4 15. cxd4 e5 16. Bd5 exd4 17. Bxc6 bxc6 18. Bxd4 Bxd4 19. Rxd4 Rxd4 20. exd4
Rd8 21. Rc1 Rxd4 22. Rxc6 Qe5 23. Rc1 a5 24. Rd1 a4 25. Rxd4 Qxd4 26. a3 h5 27.
g3 Kg7 28. h4 Qb2 29. Qd3 Qb3 30. Qd4+ Kh7 31. Qc5 Kg7 32. Qd4+ Kg8 33. Qc5 Qb1+
34. Kg2 Qe4+ 35. Kg1 1/2-1/2

[Event "Czech Open A 2013"]
[Site "Pardubice CZE"]
[Date "2013.07.24"]
[Round "6.28"]
[White "Bernasek,J"]
[Black "Seyb,A"]
[Result "1-0"]
[WhiteElo "2551"]
[BlackElo "2380"]
[EventDate "2013.07.19"]

1. d4 Nf6 2. c4 e6 3. Nf3 Bb4+ 4. Nbd2 O-O 5. g3 b6 6. Bg2 Bb7 7. O-O a5 8. Qc2
h6 9. e4 d5 10. cxd5 exd5 11. e5 Ne4 12. Nh4 Bxd2 13. Bxd2 Nc6 14. Be3 Nb4 15.
Qd1 Ba6 16. Qg4 Bc8 17. Nf5 Ng5 18. h4 Bxf5 19. Qxf5 Ne6 20. Rfd1 a4 21. a3 Nc6
22. Rac1 Na5 23. h5 c6 24. Bf1 Re8 25. Bd3 Nc4 26. Qh7+ Kf8 27. Bxc4 dxc4 28.
Rxc4 Qd5 29. Rdc1 Rec8 30. Qc2 c5 31. dxc5 bxc5 32. Bxc5+ Kg8 33. Bd6 Rxc4 34.
Qxc4 Qd2 35. Qc2 Qg5 36. Qd1 Rd8 37. Rc4 Qf5 38. Kg2 Ng5 39. g4 Qd7 40. Qd5 Rb8
41. Qc6 Qxc6+ 42. Rxc6 Rxb2 43. Rc4 f6 44. exf6 gxf6 45. Rxa4 Kf7 46. Bf4 Ra2
47. Ra7+ 1-0

[Event "Czech Open A 2013"]
[Site "Pardubice CZE"]
[Date "2013.07.24"]
[Round "6.29"]
[White "Akkozov,B"]
[Black "Geller,J"]
[Result "0-1"]
[WhiteElo "2377"]
[BlackElo "2549"]
[EventDate "2013.07.19"]

1. d4 d5 2. c4 dxc4 3. Nf3 Nf6 4. e3 e6 5. Bxc4 a6 6. a4 b6 7. O-O Bb7 8. Qe2 c5
9. Rd1 Nbd7 10. Nc3 Qc7 11. b3 cxd4 12. Rxd4 Bc5 13. Rh4 g5 14. Rd4 g4 15. Ng5
Qc6 16. f3 Rg8 17. Nge4 Bxd4 18. exd4 gxf3 19. Qxf3 Nxe4 20. d5 Qc5+ 21. Be3 Ng5
22. Qg3 Qf8 23. Bxg5 h6 24. Ne4 Rxg5 25. Qc7 Bxd5 26. Nxg5 Bxc4 27. Ne4 Bd5 28.
Nd6+ Ke7 29. Re1 f5 30. Re5 Qb8 31. Nxf5+ Kf6 32. Qxd7 Qxe5 0-1

[Event "Czech Open A 2013"]
[Site "Pardubice CZE"]
[Date "2013.07.24"]
[Round "6.30"]
[White "Neuman,P"]
[Black "Klenburg,M"]
[Result "1-0"]
[WhiteElo "2522"]
[BlackElo "2368"]
[EventDate "2013.07.19"]

1. d4 Nf6 2. c4 c5 3. d5 b5 4. cxb5 a6 5. f3 axb5 6. e4 Qa5+ 7. Bd2 b4 8. Na3 d6
9. Nc4 Qd8 10. Bd3 e6 11. dxe6 Bxe6 12. Ne2 d5 13. exd5 Nxd5 14. O-O Nc6 15. Qc2
h6 16. Be4 Ra6 17. Rad1 Be7 18. f4 f6 19. Bg6+ Kf8 20. Bc1 Qc8 21. f5 Bg8 22.
Kh1 Ne5 23. Nxe5 fxe5 24. Qe4 Nf6 25. Qxe5 Bxa2 26. Nf4 h5 27. Rfe1 Ra7 28. h3
h4 29. Be3 Bb3 30. Bxc5 1-0